Prevalence of gastro intestinal parasite in crocodiles at puok district, siem reap province; កម្រិតរាលដាលបរាសិតក្នុងក្រពះពោះវៀនក្រពើដោយប្រើចំណីពីរប្រភេទនៅកសិដ្ឋាន ស្រុកពួក ខេត្តសៀមរាប (Record no. 10633)

000 -LEADER
fixed length control field 00735nam a22001337a 4500
040 ## - CATALOGING SOURCE
Transcribing agency RUA
082 ## - DEWEY DECIMAL CLASSIFICATION NUMBER
Classification number VEM SAO 2015 B525 Or.1
100 ## - MAIN ENTRY--AUTHOR NAME
Personal name SAO SOPHEA; សៅ សោភា
245 ## - TITLE STATEMENT
Title Prevalence of gastro intestinal parasite in crocodiles at puok district, siem reap province; កម្រិតរាលដាលបរាសិតក្នុងក្រពះពោះវៀនក្រពើដោយប្រើចំណីពីរប្រភេទនៅកសិដ្ឋាន ស្រុកពួក ខេត្តសៀមរាប
260 ## - PUBLICATION, DISTRIBUTION, ETC. (IMPRINT)
Place of publication Phnom Penh
Name of publisher RUA
Year of publication 2015
300 ## - PHYSICAL DESCRIPTION
Number of Pages viii; 40p;
Other physical details ill;
Dimensions 29cm;
856 ## - ELECTRONIC LOCATION AND ACCESS
Uniform Resource Identifier https://drive.google.com/file/d/1M8DoNiA_xrvhXVoA4hw8LtgyeQOWTWAQ/view?usp=sharing
942 ## - ADDED ENTRY ELEMENTS (KOHA)
Koha item type VEM
952 ## - LOCATION AND ITEM INFORMATION (KOHA)
Withdrawn status [LOCAL, KOHA] 0
952 ## - LOCATION AND ITEM INFORMATION (KOHA)
Withdrawn status [LOCAL, KOHA] 0
952 ## - LOCATION AND ITEM INFORMATION (KOHA)
Withdrawn status [LOCAL, KOHA] 0
952 ## - LOCATION AND ITEM INFORMATION (KOHA)
Withdrawn status [LOCAL, KOHA] 0
952 ## - LOCATION AND ITEM INFORMATION (KOHA)
Withdrawn status [LOCAL, KOHA] 0
952 ## - LOCATION AND ITEM INFORMATION (KOHA)
Withdrawn status [LOCAL, KOHA] 0
952 ## - LOCATION AND ITEM INFORMATION (KOHA)
Withdrawn status [LOCAL, KOHA] 0
952 ## - LOCATION AND ITEM INFORMATION (KOHA)
Withdrawn status [LOCAL, KOHA] 0
Holdings
Permanent Location Date acquired Koha item type Lost status Shelving location Barcode Current Location Full call number
Library Block B2016-10-31VEM B525RUA060623Library Block BVEM SAO 2015 B525 Or.1
Library Block B2016-10-31VEM B525RUA060857Library Block BVEM SAO 2015 B525 Or.2
Library Block B2016-10-31VEM B525RUA060917Library Block BVEM SAO 2015 B525 Or.3
Library Block B2016-10-31VEM B525RUA060621Library Block BVEM SAO 2015 B525 Or.4
Library Block B2016-10-31VEM B525RUA060681Library Block BVEM SAO 2015 B525 Or.5
Library Block B2016-10-31VEM B525RUA060606Library Block BVEM SAO 2015 B525 Or.6
Library Block B2016-10-31VEM B525RUA061169Library Block BVEM SAO 2015 B525 Or.7
Library Block B2016-10-31VEM B525RUA060643Library Block BVEM SAO 2015 B525 Or.8
មជ្ឈមណ្ឌលឯការនៃសាកលវិទ្យាល័យភូមិន្ទកសិកម្មចំការដូង

Powered by Koha